Fatigue failures in engineering: an interdisciplinary introduction (Запись № 13693411)

Подробности
000 -МАРКЕР
контрольное поле 02149nam0a2200385 4500
001 - ИДЕНТИФИКАТОР ЗАПИСИ
контрольное поле RU\NLR\BIBL_A\022756776
005 - ИДЕНТИФИКАТОР ВЕРСИИ
контрольное поле 20260426072935.0
010 ## - МЕЖДУНАРОДНЫЙ СТАНДАРТНЫЙ НОМЕР КНИГИ (ISBN)
Номер (ISBN) 978-5-209-12601-0
Тираж 300
021 ## - НОМЕР ГОСУДАРСТВЕННОЙ РЕГИСТРАЦИИ
Код страны Российская Федерация
Номер КН-П-26-003433
Номер Листа государственной регистраци КН-П-26-0314
035 ## - ДРУГИЕ СИСТЕМНЫЕ НОМЕРА
Идентификатор записи (NLR Aleph) 022756776
100 ## - ДАННЫЕ ОБЩЕЙ ОБРАБОТКИ
Данные общей обработки 20260317d2025 k y0rusy50 ca
101 0# - ЯЗЫК РЕСУРСА
Язык текста, звукозаписи и т.д. английский
102 ## - СТРАНА ПУБЛИКАЦИИ ИЛИ ПРОИЗВОДСТВА
Страна публикации Российская Федерация
105 ## - ПОЛЕ КОДИРОВАННЫХ ДАННЫХ: ТЕКСТОВЫЕ МАТЕРИАЛЫ, МОНОГРАФИЧЕСКИЕ
Кодированные данные о монографическом текстовом документе a j 000yy
181 #0 - ПОЛЕ КОДИРОВАННЫХ ДАННЫХ: ВИД СОДЕРЖАНИЯ
Код вида содержания (ISBD) i3
Код характеристики содержания (ISBD) axxe
182 #0 - ПОЛЕ КОДИРОВАННЫХ ДАННЫХ: ТИП СРЕДСТВА
Код типа средства (ISBD) n - непосредственное
200 1# - ЗАГЛАВИЕ И СВЕДЕНИЯ ОБ ОТВЕТСТВЕННОСТИ
Основное заглавие Fatigue failures in engineering: an interdisciplinary introduction
Параллельное заглавие Усталостные разрушения в инженерии: междисциплинарное введение
Сведения, относящиеся к заглавию учебное пособие
Первые сведения об ответственности K. Reza Kashyzadeh
Последующие сведения об ответственности Российский университет дружбы народов имени Патриса Лумумбы, Инженерная академия, Кафедра техники и технологий транспорта
Язык параллельного заглавия русский
203 ## - ВИД СОДЕРЖАНИЯ И ТИП СРЕДСТВА
Вид содержания Текст
Дополнительные сведения об издании визуальный
Тип средства непосредственный
210 ## - ПУБЛИКАЦИЯ, РАСПРОСТРАНЕНИЕ И ДР.
Место издания, распространения и т.д. Москва
Имя издателя, распространителя и т. д. Российский университет дружбы народов им. Патриса Лумумбы
Дата издания, распространения и т.д. 2025
215 ## - ФИЗИЧЕСКАЯ ХАРАКТЕРИСТИКА
Специфическое обозначение материала и объем 151, [1] с.
Другие сведения о физической характеристике ил., цв. ил.
Размеры 24
300 ## - ОБЩИЕ ПРИМЕЧАНИЯ
Текст примечания Авт. также на рус. яз.: К. Реза Каши Заде
320 ## - ПРИМЕЧАНИЯ О НАЛИЧИИ В ДОКУМЕНТЕ БИБЛИОГРАФИИ / УКАЗАТЕЛЯ
Текст примечания Библиогр. в конце кн. (137 назв.)
510 1# - ПАРАЛЛЕЛЬНОЕ ЗАГЛАВИЕ
Связь между полями z45790
Параллельное заглавие Усталостные разрушения в инженерии: междисциплинарное введение
Язык заглавия русский
606 1# - НАИМЕНОВАНИЕ ТЕМЫ КАК ПРЕДМЕТ
Наименование темы Материалы
Формальный подзаголовок Учебные издания
Тематический подзаголовок Усталость
Системный номер авторитетной/нормативной записи 1115517
Идентификатор авторитетной/нормативной записи RU\NLR\AUTH\66121548
606 1# - НАИМЕНОВАНИЕ ТЕМЫ КАК ПРЕДМЕТ
Наименование темы Промышленное оборудование
Формальный подзаголовок Учебные издания
Тематический подзаголовок Отказы
Системный номер авторитетной/нормативной записи 2527702
Идентификатор авторитетной/нормативной записи RU\NLR\AUTH\6601711465
686 1# - ИНДЕКСЫ ДРУГИХ КЛАССИФИКАЦИЙ
Индекс Ж306.22я7-1
686 1# - ИНДЕКСЫ ДРУГИХ КЛАССИФИКАЦИЙ
Индекс Ж605-082.03я7-1
700 #1 - ИМЯ ЛИЦА - ПЕРВИЧНАЯ ОТВЕТСТВЕННОСТЬ
Графика поля Латинская
Материалы, к которым относится поле eng
Начальный элемент ввода Reza Kashyzadeh
Часть имени, кроме начального элемента ввода K.
Расширение инициалов личного имени Kazem
Системный номер авторитетной/нормативной записи 2704595
Идентификатор авторитетной/нормативной записи RU\NLR\AUTH\770292151
790 #1 - ИМЯ ЛИЦА - АЛЬТЕРНАТИВНАЯ ФОРМА
Графика поля Кириллица
Материалы, к которым относится поле rus
Начальный элемент ввода Реза Каши Заде
Часть имени, кроме начального элемента ввода К.
Расширение инициалов личного имени Казем
Системный номер авторитетной/нормативной записи 2704594
Идентификатор авторитетной/нормативной записи RU\NLR\AUTH\770292150
942 ## - ДОПОЛНИТЕЛЬНЫЕ ЭЛЕМЕНТЫ ЗАПИСИ (АБИС)
Тип экземпляра АБИС Книга
980 ## - КОЛЛЕКЦИЯ
Название коллекции Национальная библиография

Нет доступных экземпляров.